where have I been - Statistics

General Stats
  • This quiz has been taken 13 times
  • The average score is 7 of 11
Answer Stats
Hint Answer % Correct
State New Jersey
89%
State Virginia
89%
State Maryland
78%
State Delaware
67%
State Florida
67%
State New York
67%
State North Carolina
67%
State Colorado
56%
State Georgia
56%
State Illinois
56%
State West Virginia
44%
No matching quizzes found
Score Distribution
Percent of People with Each Score
Percentile by Number Answered
Your Score History
You have not taken this quiz